000 00552nam a2200181Ia 4500
008 100920s9999 xx 000 0 und d
082 _b72344
_a539 थ 95
100 _aबर्वे वंदना.
245 _aघरगुती उपकरणे.
260 _bशब्दाली प्रकाशन.
_c1995
300 _a55
_bसाधी
365 _b20
520 _aशाआ.
630 _aघरगुती उपकरणे.
650 _aशाआ.
730 _aघरगुती उपकरणे.
942 _cBOOK
999 _c714134
_d714131